Das religiöse Jahr der Pastafari - Statistiken

Allgemein
  • Dieses Quiz wurde 18 mal gespielt
    12 seit der letzten Aktualisierung
  • Das Durchschnittsergebnis liegt bei 6 aus 12
Antwortstatistiken
Frage Antwort % Korrekt
Blaudonnerstag Gründonnerstag
83%
Niklas Nikolaustag
83%
Garfreitag Karfreitag
75%
Wichtigster Tag der Woche - wird wöchentlich gefeiert Freitag
58%
Holidays Weihnachtszeit/Weihnachten
58%
Marziani Martinstag
50%
Sprich-wie-ein-Pirat-Tag 19.09
42%
Passtahsonntag Ostersonntag
42%
Ramendan Zeitgleich mit dem muslimischen Ramadan
33%
Monsters Himmelfall 5 Tage vor Pfingsten
25%
Pastat Adventszeit
25%
Piratendankfest Pfingsten
17%
Keine übereinstimmenden Quizze gefunden
Verteilung der Resultate
Anzahl Personen mit jedem Resultat
Perzentil nach korrekt beantworteten Fragen
Ihre Resultats-Entwicklung
Sie haben dieses Quiz seit der letzten Aktualisierung nicht gespielt